| 000 | 00570nam a2200157 a 4500 | ||
|---|---|---|---|
| 008 | 120416s1996 ||||||||||||||||| || u | ||
| 020 | _a075062597x | ||
| 050 | _aTA 153 Eng | ||
| 100 | _aTooley, Mike | ||
| 245 | 1 | 0 | _aEngineering GNVQ: intermediate |
| 260 |
_aOxford: _bButterworth-Heinemann _c1996 |
||
| 350 | _a0.00 | ||
| 650 | _aENGINEERING--PROBLEMS, EXERCISES, ETC | ||
| 650 | _aENGINEERING | ||
| 995 |
_D0.00 _FCBU-MAIN LIBRARY (Kitwe) _H1 _I43.00 _M1 _UAVAILABLE _WApr 24, 2006 _ZMain Library Open Access Collection |
||
| 999 |
_c41942 _d41942 |
||